000 00523nam a2200193Ia 4500
008 220216s9999 xx 000 0 und d
100 _aRaju Gunasunderi
245 0 _aProperties of kenaf fibre reinforced natural rubber composites
260 _bJournal of Rubber Research
_c2008
300 _a187-195
520 _aDL
650 _aComposite
650 _aDry bonding system
650 _aKenaf bast fibre
650 _aMechanical properties
700 _aMazam Md Said
700 _aMd Aris Ahmad
942 _cJS
999 _c65984
_d65984